New Jersey success

Bibliographic Details
Previous Title:Success
Format: Electronic Journal
Language:English
Published: Hillside, N.J. : Success Pub. Co., 1982-
Subjects:
Online Access:Full text available from Research Library: 01/01/1985 to 01/31/1990

MARC

LEADER 00000nas a2200000 a 4500
001 ssj0008861
003 WaSeSS
005 20200512172242.0
006 m d
007 cr n
008 850214c19829999njumr p s 0 a0eng d
010 |a sn 86014143  
022 |l 0886-9995  |y 0886-9995 
032 |a 566190  |b USPS 
035 |a (WaSeSS)ssj0008861 
040 |a RID  |b eng  |c RID  |d NSD  |d NST  |d OCL  |d OCLCQ  |d OCLCF  |d OCLCO  |d OCL  |d COO  |d OCLCQ  |d WaSeSS 
042 |a nsdp 
043 |a n-us-nj 
222 0 |a New Jersey success 
245 0 0 |a New Jersey success  |h [electronic resource]. 
260 |a Hillside, N.J. :  |b Success Pub. Co.,  |c 1982- 
310 |a Monthly 
362 0 |a Vol. 2, no. 12 (Aug. 1982)- 
500 |a "New Jersey's largest circulation business magazine." 
506 |a License restrictions may limit access. 
650 0 |a Business  |v Periodicals. 
650 7 |a Business.  |2 fast  |0 (OCoLC)fst00842262 
655 0 |a Electronic journals. 
780 0 0 |t Success  |c (Hillside)  |x 0273-8465 
850 |a NjR 
856 4 0 |z Full text available from Research Library: 01/01/1985 to 01/31/1990  |u https://search.proquest.com/publication/3373